تحميل...
Gender and political economy : explorations of south Asian systems
| المؤلف الرئيسي: | |
|---|---|
| التنسيق: | Printed Book |
| اللغة: | Undetermined English |
| منشور في: |
New Delhi
Oxford University Press
1993
|
| الموضوعات: |
| LEADER | 00617nam a2200181Ia 4500 | ||
|---|---|---|---|
| 008 | 140306s9999 xx 000 0 und d | ||
| 020 | |a 0195631706 | ||
| 041 | |a eng | ||
| 082 | |a 305.3 |b CLA / GE | ||
| 100 | |a Clark, Alice W | ||
| 245 | |a Gender and political economy : explorations of south Asian systems | ||
| 260 | |a New Delhi |b Oxford University Press |c 1993 | ||
| 300 | |a 375 | ||
| 365 | |b Rs.400. | ||
| 650 | |a Engeneering reproduction | ||
| 942 | |2 ddc |c BK | ||
| 999 | |c 183815 |d 183815 | ||
| 952 | |0 0 |1 0 |2 ddc |4 0 |6 305_300000000000000_CLA_GE |7 0 |9 189633 |a KAUCBV |b KAUCBV |d 2004-03-03 |g 400.00 |o 305.3 CLA / GE |r 2014-03-22 |w 2014-03-22 |y BK | ||